000 00738cab a2200229 4500
001 WB3215-28
008 090401t1996 xxu||||| |||| 00| 0 eng d
035 _a(Sirsi) u69733
041 _aeng
245 _aNew industrial village
260 _c1996
350 _a0
490 _aFinancial Times
_v17 April 1996, 8(1)
520 _aThe Welsh secretary is considering proposals for a technology-based industrial village in a former coal-mining area in South Wales. The project is being promoted by Dulais Valley Partnership.
650 _aCOAL MINING AREAS
650 _aDULAIS VALLEY
650 _aINDUSTRIAL VILLAGE
650 _aSOUTH WALES
690 _aPROPERTY-PROPERTY DEVELOPMENT
942 _n0
948 _c04/03/1997
999 _c43828
_d43828